000 00319pab a2200145 454500
008 180718b2003 xxu||||| |||| 00| 0 eng d
100 _aHamid, Saiyid
245 _aWhat Islam stands for
260 _c2003
300 _ap.48-68.
362 _aApr-Jun
650 _aIslam
773 _aWorld Affairs
909 _a57972
999 _c57972
_d57972